सात रंग / (Record no. 114108)

MARC details
000 -LEADER
fixed length control field 01080nam a22002777a 4500
003 - CONTROL NUMBER IDENTIFIER
control field dpl
005 - DATE AND TIME OF LATEST TRANSACTION
control field 20190308133233.0
008 - FIXED-LENGTH DATA ELEMENTS--GENERAL INFORMATION
fixed length control field 190308b ||||| |||| 00| 0 eng d
010 ## - LIBRARY OF CONGRESS CONTROL NUMBER
LC control number A-812485
020 ## - INTERNATIONAL STANDARD BOOK NUMBER
Terms of availability 125.00
International Standard Book Number 8186265155
035 ## - SYSTEM CONTROL NUMBER
System control number A-812485, A-812504
037 ## - SOURCE OF ACQUISITION
Source of stock number/acquisition Cen Lib/Ret
040 ## - CATALOGING SOURCE
Original cataloging agency DPL
Language of cataloging HN
Transcribing agency 0
082 ## - DEWEY DECIMAL CLASSIFICATION NUMBER
Classification number
Item number इस्सर
100 ## - MAIN ENTRY--PERSONAL NAME
Personal name इस्सर, देवेन्द्र
9 (RLIN) 55393
245 ## - TITLE STATEMENT
Title सात रंग /
Statement of responsibility, etc देवेन्द्र इस्सर
246 ## - VARYING FORM OF TITLE
Title proper/short title Saat rang /
Remainder of title by Devedra Issar
260 ## - PUBLICATION, DISTRIBUTION, ETC. (IMPRINT)
Place of publication, distribution, etc दिल्ली
Name of publisher, distributor, etc साक्षी प्रकाशन
Date of publication, distribution, etc 1996
270 ## - ADDRESS
Address एस-16, नेव्वें शाहदरा
City दिल्ली
Postal code 110032
300 ## - PHYSICAL DESCRIPTION
Extent 160पृ.:
Dimensions 20सेमी(सजिल्द )
Other physical details सचित्र
650 ## - SUBJECT ADDED ENTRY--TOPICAL TERM
Topical term or geographic name as entry element हिंदी साहित्य
General subdivision
Geographic subdivision
9 (RLIN) 55394
650 ## - SUBJECT ADDED ENTRY--TOPICAL TERM
Topical term or geographic name as entry element हिंदी कहानियां
9 (RLIN) 2082
650 ## - SUBJECT ADDED ENTRY--TOPICAL TERM
Topical term or geographic name as entry element Hindi literature
Form subdivision
9 (RLIN) 55395
650 ## - SUBJECT ADDED ENTRY--TOPICAL TERM
Topical term or geographic name as entry element Hindi Stories
9 (RLIN) 55396
942 ## - ADDED ENTRY ELEMENTS (KOHA)
Source of classification or shelving scheme Dewey Decimal Classification
Koha item type Hindi Books
Classification part
Call number suffix इस्सर
Holdings
Withdrawn status Lost status Damaged status Not for loan Home library Current library Date acquired Source of acquisition Cost, normal purchase price Total Checkouts Full call number Barcode Date last seen Copy number Cost, replacement price Price effective from Koha item type Public note Source of classification or shelving scheme Collection code Total Renewals Date checked out
Written off       Central Library Central Library 14/08/2015 Cen Lib/Ret 125.00   क इस्सर A-812485 14/08/2015 1 125.00 14/08/2015 Hindi Books Written off on approval by DLB (By Circulation); dtd 15-06-2023        
        Sarojini Nagar Sarojini Nagar 28/03/2019     4 क इस्सर A-812506 02/01/2024     28/03/2019 Hindi Books   Dewey Decimal Classification Non-fiction 2 14/12/2023
        Shahdara Branch Shahdara Branch 08/03/2019 BPPD/PUB 125.00   क इस्सर A-812504 08/03/2019   125.00 08/03/2019 Hindi Books   Dewey Decimal Classification Fiction    
        Yojana Vihar Yojana Vihar 23/07/2019 BPPD/PUB 125.00   क इस्सर A-812505 23/07/2019   125.00 23/07/2019 Hindi Books   Dewey Decimal Classification Fiction    

© Delhi Public Library
Hit Counter
free hit counter